¿Dónde murieron los 12 apóstoles? - Estadísticas

Estadísticas generales
  • Esta prueba ha sido intentada 34 veces
  • La puntuación promedio es 10 de 13
Estadísticas de respuestas
Apóstol País % Correcto
Matías Siria, Tierra Santa, Turquía o Georgia
100%
Santiago el Mayor Tierra Santa
100%
Santiago el Menor Tierra Santa
100%
Judas Iscariote Tierra Santa
100%
Andrés Grecia
90%
Felipe Turquía
90%
Juan Turquía
90%
Mateo Etiopía o Irán
72%
Judas Tadeo Irán o Líbano
72%
Simon el Zelote Irán o Georgia
69%
Tomás India
66%
Pedro Ciudad del Vaticano
55%
Bartolomé Armenia o Azerbaiyán
45%
No se encontraron pruebas coincidentes
Distribución de puntuación
Porcentaje de gente con cada puntuación
Porcentaje por número respondido
Historial de tus puntuaciones
No has intentado esta prueba.